000 00434nam a2200181Ia 4500
001 23695
005 20260414150954.0
008 260414t2009||||xx |||||||||||||| ||spa||
041 _aESP
082 _a690.685
_bM26
100 _aMarch, Chris
_eAUT
245 0 _aOperations management for construction
_b
260 _c2009
300 _axi, 210 páginas :
_c23 cm.
650 _a0
654 _aCIC
942 _cLIB
_dJUS
_fJUS
_2ddc
_n
999 _c23695
_d23695